Cemetery boys / (Record no. 9616)

MARC details
000 -LEADER
fixed length control field 00828nam a22002537a 4500
001 - CONTROL NUMBER
control field 9616
003 - CONTROL NUMBER IDENTIFIER
control field FISKH
005 - DATE AND TIME OF LATEST TRANSACTION
control field 20260126103827.0
008 - FIXED-LENGTH DATA ELEMENTS--GENERAL INFORMATION
fixed length control field 260126b cb ||||| |||| 00| 0 eng d
020 ## - INTERNATIONAL STANDARD BOOK NUMBER
International Standard Book Number 9781035008636
040 ## - CATALOGING SOURCE
Original cataloging agency FISKH
Language of cataloging eng
Transcribing agency FISKH
Modifying agency FISKH
050 ## - LIBRARY OF CONGRESS CALL NUMBER
Classification number PZ7.1 .T4479
082 ## - DEWEY DECIMAL CLASSIFICATION NUMBER
Classification number 813.6
100 ## - MAIN ENTRY--PERSONAL NAME
Personal name Thomas, Aiden
Relator term Author
245 ## - TITLE STATEMENT
Title Cemetery boys /
Statement of responsibility, etc. Aiden Thomas
260 ## - PUBLICATION, DISTRIBUTION, ETC.
Place of publication, distribution, etc. London :
Name of publisher, distributor, etc. Macmillan Children's Books ,
Date of publication, distribution, etc. 2022
300 ## - PHYSICAL DESCRIPTION
Extent 344 pages :
Dimensions 20 cm
490 ## - SERIES STATEMENT
Series statement Cemetery boys
Volume/sequential designation 1
520 ## - SUMMARY, ETC.
Summary, etc. Yadriel, a trans boy, summons the angry spirit of his high school's bad boy, and agrees to help him learn how he died, thereby proving himself a brujo, not a bruja, to his conservative family.<br/>
650 ## - SUBJECT ADDED ENTRY--TOPICAL TERM
Topical term or geographic name entry element Fantasy
Form subdivision Fiction
650 ## - SUBJECT ADDED ENTRY--TOPICAL TERM
Topical term or geographic name entry element Gay
Form subdivision Ghosts
942 ## - ADDED ENTRY ELEMENTS (KOHA)
Source of classification or shelving scheme Dewey Decimal Classification
Koha item type Books
Suppress in OPAC No
Holdings
Withdrawn status Lost status Source of classification or shelving scheme Damaged status Not for loan Collection Home library Current library Shelving location Date acquired Total Checkouts Full call number Barcode Date last seen Date last checked out Copy number Price effective from Koha item type
    Dewey Decimal Classification     Fiction Footprints International School Library Network Toul Tom Poung Campus Footprints International School Library Network Toul Kork Campus TTP Secondary Fiction Bookshelves 01/26/2026 1 THO 813.6 PZ7.1 .T4479 2026-0132 04/09/2026 03/11/2026 1 01/26/2026 Books